<?xml version="1.0" encoding="UTF-8"?>
<record
    xmlns:xsi="http://www.w3.org/2001/XMLSchema-instance"
    xsi:schemaLocation="http://www.loc.gov/MARC21/slim http://www.loc.gov/standards/marcxml/schema/MARC21slim.xsd"
    xmlns="http://www.loc.gov/MARC21/slim">

  <leader>02194nam a2200277 a 4500</leader>
  <controlfield tag="001">114212</controlfield>
  <controlfield tag="003">DR-UNIBE</controlfield>
  <controlfield tag="005">20251113101826.0</controlfield>
  <controlfield tag="007">cr nn 008mamaa</controlfield>
  <controlfield tag="008">251113s2025    xx l    s      00001spa   </controlfield>
  <datafield tag="020" ind1=" " ind2=" ">
    <subfield code="a">9789978777527  (electr&#xF3;nico)</subfield>
  </datafield>
  <datafield tag="040" ind1=" " ind2=" ">
    <subfield code="a">BIBLIOTECA UNIBE</subfield>
    <subfield code="c">BIBLIOTECA UNIBE</subfield>
    <subfield code="e">rda</subfield>
  </datafield>
  <datafield tag="041" ind1=" " ind2=" ">
    <subfield code="a">spa</subfield>
  </datafield>
  <datafield tag="100" ind1=" " ind2=" ">
    <subfield code="a">Guerrero Salgado, Efr&#xE9;n</subfield>
    <subfield code="e">autor</subfield>
    <subfield code="9">200742</subfield>
  </datafield>
  <datafield tag="245" ind1="1" ind2="0">
    <subfield code="a">Apuntes b&#xE1;sicos de derecho internacional p&#xFA;blico</subfield>
  </datafield>
  <datafield tag="260" ind1=" " ind2=" ">
    <subfield code="a">[Lugar de publicaci&#xF3;n no identificado] :</subfield>
    <subfield code="b">Pontificia Universidad Cat&#xF3;lica del Ecuador,</subfield>
    <subfield code="c">2025</subfield>
  </datafield>
  <datafield tag="300" ind1=" " ind2=" ">
    <subfield code="a">273 p&#xE1;ginas </subfield>
  </datafield>
  <datafield tag="500" ind1=" " ind2=" ">
    <subfield code="a">Recurso en l&#xED;nea:
Disponible para miembros de UNIBE a trav&#xE9;s del portal web del CRAI: https://www.unibe.edu.do/biblioteca/libros-electronicos/</subfield>
  </datafield>
  <datafield tag="505" ind1=" " ind2=" ">
    <subfield code="a">Cap&#xED;tulo 1. Derecho internacional p&#xFA;blico: una aproximaci&#xF3;n | 
Cap&#xED;tulo 2. Sistema de fuentes: las herramientas del derecho internacional p&#xFA;blico | 
Cap&#xED;tulo 3. Sujetos del derecho internacional p&#xFA;blico | 
Cap&#xED;tulo 4. Responsabilidad internacional | 
Cap&#xED;tulo 5. Medios de soluci&#xF3;n de controversias: altas cortes y organismos internacionales | 
Cap&#xED;tulo 6. Derecho internacional penal | 
Cap&#xED;tulo 7. Derecho internacional humanitario | 
</subfield>
  </datafield>
  <datafield tag="520" ind1=" " ind2="3">
    <subfield code="a">Este libro ofrece una introducci&#xF3;n esencial al Derecho Internacional, abordando sus fundamentos, fuentes, sujetos, responsabilidad internacional y mecanismos de soluci&#xF3;n de controversias, centrado en el contexto ecuatoriano. Analiza la jurisprudencia de cortes internacionales, la responsabilidad tanto estatal como individual, y la aplicaci&#xF3;n del Derecho Internacional Humanitario en con&#xFB02;ictos armados. Adem&#xE1;s, examina la cooperaci&#xF3;n y el cumplimiento de las normas internacionales, explorando su impacto en desaf&#xED;os contempor&#xE1;neos como el cambio clim&#xE1;tico, la protecci&#xF3;n de los derechos humanos, la lucha contra el crimen transnacional organizado y los con&#xFB02;ictos por recursos naturales</subfield>
  </datafield>
  <datafield tag="650" ind1=" " ind2="7">
    <subfield code="2">lemb</subfield>
    <subfield code="a">Derecho internacional </subfield>
  </datafield>
  <datafield tag="650" ind1=" " ind2="7">
    <subfield code="2">lemb</subfield>
    <subfield code="a">Derecho humano</subfield>
    <subfield code="9">200744</subfield>
  </datafield>
  <datafield tag="655" ind1=" " ind2="4">
    <subfield code="a">Recurso electr&#xF3;nico</subfield>
    <subfield code="9">42681</subfield>
  </datafield>
  <datafield tag="856" ind1=" " ind2=" ">
    <subfield code="u">https://ebookcentral.proquest.com/lib/unibedr/detail.action?docID=32125894</subfield>
  </datafield>
  <datafield tag="942" ind1=" " ind2=" ">
    <subfield code="2">ddc</subfield>
    <subfield code="c">EB</subfield>
  </datafield>
  <datafield tag="999" ind1=" " ind2=" ">
    <subfield code="c">114213</subfield>
    <subfield code="d">114213</subfield>
  </datafield>
  <datafield tag="952" ind1=" " ind2=" ">
    <subfield code="0">0</subfield>
    <subfield code="1">0</subfield>
    <subfield code="2">ddc</subfield>
    <subfield code="7">0</subfield>
    <subfield code="8">eTEXT</subfield>
    <subfield code="a">Principal</subfield>
    <subfield code="d">2026-03-23</subfield>
    <subfield code="l">0</subfield>
    <subfield code="p">EB0517</subfield>
    <subfield code="r">2025-11-13 10:23:05</subfield>
    <subfield code="t">copias ilimitadas</subfield>
    <subfield code="w">2025-11-13</subfield>
    <subfield code="y">EB</subfield>
  </datafield>
</record>
